Nanobiotechnology Protocls (Record no. 17277)
[ view plain ]
| 000 -LEADER | |
|---|---|
| fixed length control field | 00351nam a22001337a 4500 |
| 008 - FIXED-LENGTH DATA ELEMENTS--GENERAL INFORMATION | |
| fixed length control field | 150803t xxu||||| |||| 00| 0 eng d |
| 020 ## - INTERNATIONAL STANDARD BOOK NUMBER | |
| International Standard Book Number | 978-81-8128-765-5 |
| 082 ## - DEWEY DECIMAL CLASSIFICATION NUMBER | |
| Classification number | 620.119 |
| 100 ## - MAIN ENTRY--PERSONAL NAME | |
| Personal name | Sadra J. Rosenthal |
| 9 (RLIN) | 1007 |
| 245 ## - TITLE STATEMENT | |
| Title | Nanobiotechnology Protocls |
| Medium | Book |
| 260 ## - PUBLICATION, DISTRIBUTION, ETC. | |
| Place of publication, distribution, etc. | totowa, New Jersey |
| Name of publisher, distributor, etc. | Humana Press |
| Date of publication, distribution, etc. | 2007 |
| 300 ## - PHYSICAL DESCRIPTION | |
| Extent | 228 |
| 942 ## - ADDED ENTRY ELEMENTS (KOHA) | |
| Source of classification or shelving scheme | |
| Koha item type | Book |
| Withdrawn status | Lost status | Source of classification or shelving scheme | Damaged status | Not for loan | Collection code | Permanent Location | Current Location | Date acquired | Total Checkouts | Full call number | Barcode | Date last seen | Price effective from | Koha item type |
|---|---|---|---|---|---|---|---|---|---|---|---|---|---|---|
| Atta-ur-Rahman School of Applied Biosciences (ASAB) | Atta-ur-Rahman School of Applied Biosciences (ASAB) | 08/03/2015 | 620.119 ROS | ASAB2063 | 03/20/2017 | 08/03/2015 | Book |
